000 00948cam a2200217 i 4500
003 SA-RiAUC
005 20251224123940.0
008 251223s1926 ua g 00000 ara c
040 _aSA-JeALM
_bara
_cSA-RiAUC
_erda
082 0 4 _a252.5
_qSA-RiAUC
090 _aن 252.5
_bن خ ب
245 0 2 _aالنخبة المعتبرة من مناسك الحج على المذاهب المشتهرة /
_cانتخبتها هيئة مراقبة الدروس والتدريس في الحرم المكي الشريف.
264 1 _aالقاهرة :
_aمكة المكرمة :
_bالمطبعة السلفية ومكتبتها .
_bمحمد نور الكتبي وشركاه .
_c1928
300 _a135 صفحة ؛
_c20 سم .
336 _aنص
_btxt
_2rdacontent
_3كتاب
337 _aبدون وسيط
_bn
_2rdamedia
338 _aمجلد
_bnc
_2rdacarrier
650 7 _aالحج
_2aucsh
942 _2ddc
_cRARE BOOK
_n0
949 _aSA-JeALM
_d251223
_uosman123
_n1
999 _c13656
_d13656